00535cam a2200181ua 450000500170000000800390001704000090005604100080006508200180007310000360009124500620012725000090018926000380019830000170023665000410025365300240029465300350031820260226075811.0160823n ii |||gr||||Z||||||asm cMAIN dasm a891.4514bGOS aGoswami, Jatindra Nath,eauthor aAsamiya sahityar chamu buranji/cby Jatindra Nath Goswami a3rd. aGuwahati:bNew book stall,c1964. a272p:c23cm. aShort history of Assamese literature aAssamese literature aAsamiya sahityar Chamu buranji